Sponzorské dary v kontexte daní a účtovníctva

Sponzoring nie je v slovenských právnych predpisoch osobitne riešený. Tento atribút podpory neziskového sektora, ktorý v našej spoločnosti funguje ako alternatíva k štátnemu a súkromnému sektoru, kde rozsah potenciálnych zdrojov financovania je obmedzený, nie je legislatívne upravený ani v oblasti p...

Descrizione completa

Salvato in:
Dettagli Bibliografici
Autore principale: Dobšovič, Dušan
Natura: Capitolo di libro
Lingua:slovacco
Soggetti:
Tags: Aggiungi Tag
Nessun Tag, puoi essere il primo ad aggiungerne!!

MARC

LEADER 00000naa$a2200000$$$4500
001 0083406
005 20231127094855.9
041 0 |a slo 
044 |a SK 
245 1 0 |a Sponzorské dary v kontexte daní a účtovníctva  |c Dušan Dobšovič 
520 |a Sponzoring nie je v slovenských právnych predpisoch osobitne riešený. Tento atribút podpory neziskového sektora, ktorý v našej spoločnosti funguje ako alternatíva k štátnemu a súkromnému sektoru, kde rozsah potenciálnych zdrojov financovania je obmedzený, nie je legislatívne upravený ani v oblasti právnej ani v oblasti daňovej či účtovnej. Sponzoring v kontexte dane z príjmov. Sponzoring v kontexie účtovníctva. Ilustračné príklady. 
610 2 0 |a sponzorovanie 
610 2 0 |a dane 
610 2 0 |a účtovníctvo 
610 2 0 |a zákonník obchodný 
610 2 0 |a dary 
610 2 0 |a organizácie neziskové 
100 1 |a Dobšovič, Dušan